LEADER 00627nas a2200157 i 4500 001 000000030432 003 CaOOAMICUS 005 20180830125449.0 008 180830n it u0 ita u 040 $aSeMil$bita 100 1 $aHallo, William W.$0(OLS)http://semarc/name/1484 245 10$aYale Near Eastern Researches /$ceditorial commitee William W. Hallo ... [et al.]. 260 $aNew Haven ; London :$bYale University Press,$c[1977?] 300 $av. ;$c25 cm. 996 $6245$aYale Near Eastern Researches$9(OLS)http://semarc/title/41431 996 $6260$aNew Haven ; London :$bYale University Press$9(OLS)http://semarc/publisher/30327 LEADER 00986nam a2200205 i 4500 001 000000080678 003 CaOOAMICUS 005 20170615000000.0 008 170615s1865 it u000 u ita u 013 $a52916 040 $aSeMil$bita 100 1 $aUccelli, Giovanni Battista.$0(OLS)http://semarc/name/91483 245 13$aIl convento di S. Giusto alle mura e i Gesuati :$baggiungonsi i capitoli della loro regola /$ctesto di lingua or per la prima volta messo in luce da Giovan Battista Uccelli. 260 $aFirenze :$bTipografia delle Murate,$c1865. 300 $a241 p. ;$c18 cm. 650 4$aGesuati - Storia.$0(OLS)http://semarc/subject/24659 850 $aSeMil 852 $aSeMil$W1$xVenegono$y1$m3P I 84 FA$j46093$B46093$CSeMilBibl$Z2$F48275 $8I 996 $6245$aIl convento di S. Giusto alle mura e i Gesuati :$baggiungonsi i capitoli della loro regola$9(OLS)http://semarc/title/404081 996 $6260$aFirenze :$bTipografia delle Murate$9(OLS)http://semarc/publisher/55093